Ensayo sobre la ceguera /
Guardado en:
| Autor Principal: | |
|---|---|
| Otros Autores: | |
| Formato: | Libro |
| Idioma: | Undetermined |
| Publicado: |
Ciudad Autónoma de Buenos Aires :
Alfaguara,
2022.
|
| Edición: | 1a. ed. |
| Series: | Saramago 100 - 1922-2022
|
| Materias: | |
| Etiquetas: |
Agregar Etiqueta
Sin Etiquetas, Sea el primero en etiquetar este registro!
|
| LEADER | 00622nam a22002055a 4500 | ||
|---|---|---|---|
| 001 | DER.der014940 | ||
| 008 | 231207s2022####xx############000#0#und#d | ||
| 005 | 20231212075531.0 | ||
| 245 | 1 | 0 | |a Ensayo sobre la ceguera / |c José Saramago. |
| 250 | |a 1a. ed. | ||
| 260 | |a Ciudad Autónoma de Buenos Aires : |b Alfaguara, |c 2022. | ||
| 300 | |a 398 p. | ||
| 490 | 1 | |a Saramago 100 - 1922-2022 | |
| 586 | |a Premio Nobel de Literatura 2022 | ||
| 020 | |a 9789877389043 | ||
| 100 | 1 | |a Saramago, José. | |
| 700 | 1 | |a Losada, Basilio, |e trad. | |
| 650 | 7 | |a NARRATIVA PORTUGUESA | |
| 650 | 7 | |a NOVELA | |
| 859 | |a DERECHO |b BIB. DERECHO |h 869.42 |i SAR |p 0010273 | ||
